Szczegóły MARC21

Remarque revisited : Beiträge zu Erich Maria Remarque und zur Kriegsliteratur /

003 -Nazwa inst., której nr kontr. jest w polu 001 [,]
    • @
    • Nazwa instytucji, której n kontrolny jest w polu 001
    • NUKAT
005 -DATA I CZAS OSTATNIEJ MODYFIKACJI [,]
    • @
    • pole kontrolne
    • 20260225145226.0
020 -Międzynarod. znormalizowany nr książki - ISBN [ , ]
    • a
    • Numer ISBN
    • 9783847112006 Find
    • q
    • Dopowiedzenie
    • (oprawa miękka)
020 -Międzynarod. znormalizowany nr książki - ISBN [ , ]
    • a
    • Numer ISBN
    • 9783847012009 Find
    • q
    • Dopowiedzenie
    • (E-Book)
020 -Międzynarod. znormalizowany nr książki - ISBN [ , ]
    • a
    • Numer ISBN
    • 9783737012003 Find
    • q
    • Dopowiedzenie
    • (V&R eLibrary)
040 -Instytucja sporządzająca opis [ , ]
    • a
    • Instytucja, która sporządziła opis (NP)
    • SZCZ U/KLR
    • b
    • Język katalogowania
    • pol
    • e
    • Zasady katalogowania
    • rda
    • c
    • Instytucja, która sporządziła rekord (NP)
    • SZCZ U/KLRs
041 -Język dokumentu [0, ]
    • a
    • Język tekstu (P)
    • niemiecki
    • a
    • Język tekstu (P)
    • angielski
942 -Rodzaj dokumentu [ , ]
    • c
    • Rodzaj dokumentu
    • Książka
245 -Strefa tytułu i oznaczenia odpowiedzialności [0,0]
    • a
    • Tytuł
    • Remarque revisited : Find
    • b
    • Ciąg dalszy tytułu (NP)
    • Beiträge zu Erich Maria Remarque und zur Kriegsliteratur / Find
    • c
    • Pozostałe elementy strefy tytułu i oznaczenia odpowiedzialności (NP)
    • Claudia Junk, Thomas F. Schneider (Hg.).
246 -Wariant tytułu [1,8]
    • a
    • Tytuł (NP)
    • Remarque revisited
260 -Strefa adresu wydawniczego [ , ]
    • a
    • Miejsce wydania (P)
    • Göttingen :
    • b
    • Nazwa wydawcy (P)
    • V&R Unipress,
    • c
    • Data wydania (P)
    • cop. 2020.
300 -Strefa opisu fizycznego [ , ]
    • a
    • Określenie formy książki i/lub objętość (NP)
    • 226 stron :
    • b
    • Oznaczenie ilustracji (NP)
    • ilustracje ;
    • c
    • Format (NP)
    • 24 cm.
336 -Typ zawartości [ , ]
    • a
    • Termin opisujący typ zawartości
    • Tekst
    • b
    • Kod określający zawartość
    • txt
    • 2
    • Źródło (terminu i kodu)
    • rdacontent
337 -Typ mediów [ , ]
    • a
    • Tryb odtwarzania
    • Bez urządzenia pośredniczącego
    • b
    • Kod typu mediów
    • n
    • 2
    • Źródło (terminu i kodu)
    • rdamedia
338 -Typ/rodzaj nośnika [ , ]
    • a
    • Hasło opisujące typ nośnika
    • Wolumin
    • b
    • Kod typu nośnika
    • nc
    • 2
    • Źródło (terminu i kodu)
    • rdacarrier
490 -Strefa serii i książki wielotomowej - forma nie do wyszukiwania [1, ]
    • a
    • Tytuł (P)
    • Krieg und Literatur = Find
    • a
    • Tytuł (P)
    • War and Literature ; Find
    • v
    • Numeracja (P)
    • vol. 26
830 -Hasło dodatkowe serii i opisu książki wielotomowej - tytuł ujednolicony/tytuł [ ,0]
    • a
    • Tytuł ujednolicony/tytuł (NP)
    • Krieg und Literatur
    • x
    • ISSN
    • 0935-9060
    • v
    • Oznaczenie tomu (NP)
    • vol. 10
    • 9
    • KHW
    • 740997
546 -Uwaga dot. języka [ , ]
    • a
    • Uwaga dot. języka
    • Większość rozdziałów w języku niemieckim, jeden w języku angielskim.
600 -Hasło przedmiotowe w formie nazwy osobowej [1,7]
    • a
    • Nazwa osobowa
    • Remarque, Erich Maria
    • d
    • Daty związane z nazwą
    • (1898-1970).
    • 2
    • Źródło terminu
    • kaba
    • 9
    • KHW
    • 18483
650 -Hasło przedmiotowe [ ,7]
    • a
    • Hasło przedmiotowe
    • Literatura i wojna.
    • 2
    • Źródło terminu
    • kaba
    • 9
    • KHW
    • 117267
650 -Hasło przedmiotowe [ ,7]
    • a
    • Hasło przedmiotowe
    • Literatura niemieckojęzyczna
    • y
    • Określnik chronologiczny
    • 20 w.
    • x
    • Określnik rzeczowy
    • historia i krytyka.
    • 2
    • Źródło terminu
    • kaba
    • 9
    • KHW
    • 407350
700 -Hasło dodatkowe - nazwa osobowa [1, ]
    • a
    • Nazwa osobowa (NP)
    • Junk, Claudia. Find
    • e
    • Określenie rodzaju współpracy
    • Redakcja
    • 9
    • KHW
    • 740998
700 -Hasło dodatkowe - nazwa osobowa [1, ]
    • a
    • Nazwa osobowa (NP)
    • Schneider, Thomas F. Find
    • e
    • Określenie rodzaju współpracy
    • Redakcja
    • 9
    • KHW
    • 12466
710 -Hasło dodatkowe - nazwa ciała zbiorowego [2, ]
    • a
    • Nazwa ciała zbiorowego lub nazwa geograficzna jako pierwszy element (NP)
    • Vandenhoeck und Ruprecht.
    • e
    • Rodzaj współpracy
    • Wydawca
    • 4
    • Kod relacji
    • pbl
    • 9
    • KHW
    • 70890
920 -ISBN [ , ]
    • a
    • ISBN
    • 978-3-8471-1200-6 (oprawa miękka) Find
920 -ISBN [ , ]
    • a
    • ISBN
    • 978-3-8470-1200-9 (E-Book) Find
920 -ISBN [ , ]
    • a
    • ISBN
    • 978-3-7370-1200-3 (V&R eLibrary) Find
Status udost. Sygnatura Lokalizacja Data inwentaryzacji Numer inwentarzowy
1GERM. Lit. niem. - modernizm 07BM2026-03-09G.22083